| 000 | 00718nam a22002057a 4500 | ||
|---|---|---|---|
| 999 |
_c18072 _d18072 |
||
| 003 | AR-CdUCM | ||
| 008 | 190511b ||||| |||| 00| 0 spa d | ||
| 040 |
_aMUNICIPALIDAD PROVINCIAL DEL CUSCO _cBIBLIOTECA MUNICIPAL DEL CUSCO |
||
| 082 |
_a956.92 / _bR75 |
||
| 100 |
_aRoffe, Ariel _938438 |
||
| 245 | _aLibano en llamas / | ||
| 260 | _aLibano : | ||
| 300 |
_a202 páginas ; _c19 cm. |
||
| 505 | _aContenido : Del país de los cedros al país del "Kalashnikov" -- Del sultan de otomano al mandato francés -- Libano independiente: El equilibrio sobre una cuerda floja ... | ||
| 650 |
_aLibano _938439 |
||
| 650 |
_aHistoria _9136 |
||
| 650 |
_aCiudad _915909 |
||
| 942 |
_2ddc _cLIBROS |
||
| 945 |
_arah _d2019/05/11 |
||